| 000 | 00947nac a22002897a 4500 | ||
|---|---|---|---|
| 001 | BR0104337 | ||
| 003 | BR-BrBNA | ||
| 005 | 20240105122635.0 | ||
| 008 | 230509b bl.|||m| |||| 00| 0 por d | ||
| 040 |
_aBR-BrBNA _bpor _cBiblioteca Nacional de Agricultura |
||
| 072 | _aP30; P36 | ||
| 090 | _a1100 BR0104337 | ||
| 100 | 1 | _aLima, A.A.C. | |
| 100 | 1 | _aOliveira, F.N.S. | |
| 100 | 1 | _aAquino, A.R.L. de | |
| 110 | 1 |
_aEMBRAPA Agroindustria Tropical, Fortaleza, CE (Brasil) _93541 |
|
| 245 | 1 | _aCaracteristicas pedologicas para selecao de praticas conservacionistas em fruteiras tropicais | |
| 260 | 3 |
_aFortaleza, CE (Brasil): _c2000. |
|
| 300 | _a14 p. | ||
| 490 |
_aDocumentos - EMBRAPA Agroindustria Tropical (Brazil) _vno. 40 _xISSN 0103-5797 |
||
| 500 | _a12 ref. | ||
| 650 | _aFruta Tropical | ||
| 650 | _aPedologia | ||
| 650 | _aConservacao do Solo | ||
| 909 |
_a202312 _bLúcia Elande _c55 _dLúcia Elande |
||
| 942 |
_2AGRIS _n0 _cMS |
||
| 999 |
_c292062 _d292062 |
||